Stock-Market Equilibrium and the Dividend Yield /

Can fundamentals account for the recent performance of the U.S. stock market? The price/earnings ratio is out of line with historical averages, and the dividend/price ratio has recently reached a historic low. These developments and record levels of inflows into mutual funds have led some to conclud...

Ful tanımlama

Detaylı Bibliyografya
Yazar: Kramer, Charles
Materyal Türü: Dergi
Dil:English
Baskı/Yayın Bilgisi: Washington, D.C. : International Monetary Fund, 1996.
Seri Bilgileri:IMF Working Papers; Working Paper ; No. 1996/090
Online Erişim:Full text available on IMF
LEADER 01651cas a2200241 a 4500
001 AALejournalIMF007221
008 230101c9999 xx r poo 0 0eng d
020 |c 5.00 USD 
020 |z 9781451951981 
022 |a 1018-5941 
040 |a BD-DhAAL  |c BD-DhAAL 
100 1 |a Kramer, Charles. 
245 1 0 |a Stock-Market Equilibrium and the Dividend Yield /  |c Charles Kramer. 
264 1 |a Washington, D.C. :  |b International Monetary Fund,  |c 1996. 
300 |a 1 online resource (24 pages) 
490 1 |a IMF Working Papers 
500 |a <strong>Off-Campus Access:</strong> No User ID or Password Required 
500 |a <strong>On-Campus Access:</strong> No User ID or Password Required 
506 |a Electronic access restricted to authorized BRAC University faculty, staff and students 
520 3 |a Can fundamentals account for the recent performance of the U.S. stock market? The price/earnings ratio is out of line with historical averages, and the dividend/price ratio has recently reached a historic low. These developments and record levels of inflows into mutual funds have led some to conclude that stock prices are above their fundamental levels. This paper assesses the recent rise in the stock market using a model for the equilibrium dividend/price ratio. While economic variables can account for most of the recent fall in the dividend/price ratio, mutual-fund inflows still have some marginal explanatory power. 
538 |a Mode of access: Internet 
830 0 |a IMF Working Papers; Working Paper ;  |v No. 1996/090 
856 4 0 |z Full text available on IMF  |u http://elibrary.imf.org/view/journals/001/1996/090/001.1996.issue-090-en.xml  |z IMF e-Library